[Event "45th Sparkassen Open"]
[Site "Dortmund GER"]
[Date "2017.07.17"]
[Round "3.20"]
[White "Meiser, Markus"]
[Black "Maniocha, Marek"]
[Result "1-0"]
[WhiteElo "2145"]
[BlackElo "1996"]
[WhiteFideId "4617827"]
[BlackFideId "4636821"]
[EventDate "2017.07.15"]

1. d4 d5 2. c4 c6 3. Nf3 Nf6 4. Nbd2 Bf5 5. g3 e6 6. Bg2 Be7 7. O-O Nbd7 8. b3
O-O 9. Bb2 Ne4 10. Nxe4 Bxe4 11. Bh3 Bf6 12. Rc1 Re8 13. e3 Rc8 14. cxd5 cxd5
15. Rxc8 Qxc8 16. Ne5 Qc7 17. f3 Bg6 18. Nxg6 hxg6 19. Qd2 Nb8 20. Rc1 Nc6 21.
Bf1 Qd6 22. Bb5 Rc8 23. a4 a6 24. Be2 Rd8 25. Qc2 Rc8 26. Qc5 Qd7 27. Kf2 Ne7
28. Qb6 Rxc1 29. Bxc1 Nf5 30. Bd2 Bd8 31. Qc5 Be7 32. Qc2 Bd6 33. Qc3 Ne7 34. e4
dxe4 35. fxe4 Nc6 36. Be3 e5 37. d5 Ne7 38. Qc4 f5 39. Bc5 fxe4 40. Bxd6 Qxd6
41. Qxe4 Kf7 42. Bf3 Kf6 43. Kg2 Nf5 44. g4 Nd4 45. h4 Ke7 46. Qe3 Qf6 47. d6+
Qxd6 48. Bxb7 Ne6 49. Be4 Qd4 50. Qxd4 exd4 51. Kf3 Kd6 52. Bxg6 a5 53. Ke4 Nf8
54. Bf7 Kc5 55. g5 Nh7 56. Bc4 Nf8 57. h5 Nh7 58. Kf5 Nf8 59. h6 gxh6 60. gxh6
Kb4 61. Kf6 Nd7+ 62. Kg7 Nc5 63. h7 Nxb3 64. Bxb3 Kxb3 65. h8=Q 1-0

[Event "45th Sparkassen Open"]
[Site "Dortmund GER"]
[Date "2017.07.17"]
[Round "3.21"]
[White "Koellner, Christof"]
[Black "Harringer, Manfred"]
[Result "1/2-1/2"]
[WhiteElo "2131"]
[BlackElo "1979"]
[WhiteFideId "4635787"]
[BlackFideId "12958336"]
[EventDate "2017.07.15"]

1. d4 Nf6 2. Nf3 e6 3. Nbd2 d5 4. e3 Bd6 5. Bd3 Nbd7 6. O-O O-O 7. e4 dxe4 8.
Nxe4 Nxe4 9. Bxe4 Nf6 10. Bd3 h6 11. Qe2 b6 12. Rd1 Bb7 13. c3 Qe7 14. Ne5 Rfd8
15. Bf4 Nd7 16. Bc2 Bxe5 17. dxe5 Nf8 18. Qg4 Kh8 19. h4 Rxd1+ 20. Rxd1 Rd8 21.
Re1 Nh7 22. Re3 c5 23. Rg3 f5 24. exf6 Qxf6 25. Rd3 Nf8 26. Bg5 hxg5 27. hxg5
Qe7 28. g6 Kg8 29. Rh3 Rd5 30. f4 Qf6 31. f5 Rxf5 32. Bxf5 Qxf5 33. Qxf5 exf5
34. Rd3 Ne6 35. Rd6 Bc8 36. Rc6 Bd7 37. Rd6 1/2-1/2

[Event "45th Sparkassen Open"]
[Site "Dortmund GER"]
[Date "2017.07.17"]
[Round "3.22"]
[White "Ambartsumjan, Evgeny"]
[Black "Groneberg, Joerg"]
[Result "1-0"]
[WhiteElo "2122"]
[BlackElo "1973"]
[WhiteFideId "34140643"]
[BlackFideId "12941638"]
[EventDate "2017.07.15"]

1. e4 c5 2. Nf3 g6 3. d4 cxd4 4. Nxd4 Bg7 5. Nc3 Nc6 6. Nb3 Nf6 7. Be2 O-O 8.
O-O d6 9. Re1 a6 10. a4 Be6 11. Bf1 Nb4 12. Nd4 Nd7 13. Nxe6 fxe6 14. Bc4 d5 15.
Bb3 Qb6 16. Qe2 d4 17. a5 Qc6 18. Na4 Ne5 19. Qd2 Qd6 20. f4 Nec6 21. e5 Qc7 22.
Nc5 Nd5 23. Nxe6 Qd7 24. Nc5 1-0

[Event "45th Sparkassen Open"]
[Site "Dortmund GER"]
[Date "2017.07.17"]
[Round "3.23"]
[White "Dannehr, Juergen"]
[Black "Heller, Achim"]
[Result "1/2-1/2"]
[WhiteElo "1845"]
[BlackElo "2118"]
[WhiteFideId "16211758"]
[BlackFideId "12901300"]
[EventDate "2017.07.15"]

1. d4 d5 2. c4 c6 3. cxd5 cxd5 4. Nc3 Nf6 5. Nf3 Nc6 6. Bf4 a6 7. e3 Bg4 8. Bd3
e6 9. h3 Bh5 10. O-O Bd6 11. Bxd6 Qxd6 12. Rc1 O-O 13. a3 b5 14. b4 Rfc8 15. Be2
Bxf3 16. Bxf3 Rc7 17. e4 dxe4 18. Nxe4 Nxe4 19. Bxe4 Rac8 20. d5 exd5 21. Qxd5
Qxd5 22. Bxd5 Nd4 23. Rxc7 Rxc7 24. Rd1 Ne2+ 25. Kf1 Nc3 26. Rd3 Kf8 27. Bb7
Rxb7 28. Rxc3 Ke7 29. Rc6 Ra7 30. Ke2 Kd7 31. Rc3 Kd6 32. Rg3 g6 33. Rd3+ Ke5
34. Ke3 Rc7 35. f4+ Ke6 36. Ke4 Rc4+ 37. Kf3 f5 38. g4 fxg4+ 39. hxg4 h5 40.
gxh5 gxh5 41. Kg3 Rc1 42. Re3+ Kf6 43. Rd3 Rg1+ 44. Kf3 Rf1+ 45. Kg2 Rxf4 46.
Rd6+ Ke5 47. Rxa6 Kd4 48. a4 bxa4 49. Rxa4 Kc3 50. Ra5 h4 1/2-1/2

[Event "45th Sparkassen Open"]
[Site "Dortmund GER"]
[Date "2017.07.17"]
[Round "3.24"]
[White "Zill, Christoph"]
[Black "Nguyen, Lucas"]
[Result "1-0"]
[WhiteTitle "FM"]
[WhiteElo "2213"]
[BlackElo "1934"]
[WhiteFideId "4688856"]
[BlackFideId "1049640"]
[EventDate "2017.07.15"]

1. e4 c5 2. Nc3 Nc6 3. f4 g6 4. Nf3 Bg7 5. Bb5 Nd4 6. O-O Nxb5 7. Nxb5 Nf6 8. d3
d6 9. Nc3 O-O 10. Qe1 e6 11. e5 dxe5 12. fxe5 Nd5 13. Bg5 Qb6 14. Qh4 f6 15.
Nxd5 exd5 16. exf6 Bxf6 17. Bxf6 Rxf6 18. Ng5 h5 19. Nh7 Rf5 20. Qe7 Qe6 21.
Nf6+ Rxf6 22. Qxf6 Qxf6 23. Rxf6 Bf5 24. Re1 Rf8 25. Rxf8+ Kxf8 26. Re5 b6 27.
Rxd5 Ke7 28. Kf2 Be6 29. Re5 Kf6 30. Re1 a6 31. a3 b5 32. Ke3 Bd5 33. Rf1+ Ke7
34. g3 a5 35. c4 bxc4 36. dxc4 Bxc4 37. Rc1 Bb3 38. Rxc5 a4 39. Kf4 Kf6 40. Rc6+
Kg7 41. Kg5 Bf7 42. Ra6 Be8 43. Ra8 Kf7 44. Rxe8 1-0

[Event "45th Sparkassen Open"]
[Site "Dortmund GER"]
[Date "2017.07.17"]
[Round "3.25"]
[White "Buechle, Manfred"]
[Black "Schmitz, Edgar"]
[Result "1/2-1/2"]
[WhiteElo "2118"]
[BlackElo "1909"]
[WhiteFideId "4659368"]
[BlackFideId "24675270"]
[EventDate "2017.07.15"]

1. e4 c5 2. Nf3 d6 3. d4 cxd4 4. Nxd4 Nf6 5. Nc3 a6 6. Be2 e6 7. O-O Be7 8. Be3
Nbd7 9. Nb3 b5 10. a3 Bb7 11. f3 Qc7 12. Qe1 d5 13. exd5 Nxd5 14. Nxd5 Bxd5 15.
Rc1 Rc8 16. Qf2 O-O 17. Rfd1 Bf6 18. Bd4 Rfd8 19. Bxf6 Nxf6 20. Nd4 Bc4 21. Bxc4
Qxc4 22. c3 h6 23. Re1 Rd5 24. Nc2 Qc7 25. Nb4 Rd6 26. Rcd1 Rcd8 27. Rxd6 Rxd6
28. g3 Qd7 29. Re2 h5 30. Kg2 Nd5 31. Nxd5 Rxd5 32. Qe3 Qd6 33. h4 g6 34. f4 Rd3
35. Qe4 Rd1 36. Kf3 Rf1+ 37. Rf2 Qd1+ 38. Qe2 Qd5+ 39. Ke3 Rd1 40. Rf1 Qc5+ 41.
Kf3 Qc6+ 42. Kf2 Qc5+ 43. Kg2 Qd5+ 44. Qf3 Qd2+ 45. Qf2 Qd5+ 46. Qf3 Qd2+ 47.
Qf2 1/2-1/2

[Event "45th Sparkassen Open"]
[Site "Dortmund GER"]
[Date "2017.07.17"]
[Round "3.26"]
[White "Belz, Frank-Martin"]
[Black "Boecker, Juergen"]
[Result "1/2-1/2"]
[WhiteElo "2029"]
[BlackElo "1930"]
[WhiteFideId "12941026"]
[BlackFideId "12915904"]
[EventDate "2017.07.15"]

1. c4 e5 2. g3 Nc6 3. Bg2 Nf6 4. Nc3 g6 5. e4 d6 6. Nge2 Bg7 7. d3 O-O 8. O-O a6
9. Nd5 h6 10. h3 Kh7 11. Be3 Ne7 12. Nxf6+ Bxf6 13. Qd2 Bg7 14. d4 Nc6 15. Rac1
Bd7 16. Rfd1 exd4 17. Nxd4 Qf6 18. Ne2 Be6 19. b3 Ne5 20. f4 Nc6 21. Nc3 Qd8 22.
Nd5 Qc8 23. Kh2 f5 24. exf5 Bxf5 25. Re1 Rf7 26. Re2 Qh8 27. g4 Be6 28. Rd1 Raf8
29. Be4 Bxd5 30. Bxd5 Bc3 31. Qc1 Re7 32. Bxc6 bxc6 33. Rc2 Ba1 34. Bf2 Bg7 35.
Qd2 Rxf4 1/2-1/2

[Event "45th Sparkassen Open"]
[Site "Dortmund GER"]
[Date "2017.07.17"]
[Round "3.27"]
[White "Kasueschke, Lars"]
[Black "Kolakovic, Klaudio"]
[Result "1/2-1/2"]
[WhiteElo "1916"]
[BlackElo "2017"]
[WhiteFideId "12939510"]
[BlackFideId "24645800"]
[EventDate "2017.07.15"]

1. e4 c6 2. d4 d5 3. e5 e6 4. Nf3 f5 5. Be2 b6 6. c3 g6 7. h4 h6 8. Be3 Bg7 9.
Nfd2 Ne7 10. f4 h5 11. Nf3 Bh6 12. g3 Ba6 13. Nbd2 Bxe2 14. Qxe2 O-O 15. Ng5
Bxg5 16. hxg5 Qc8 17. Nf3 Qa6 18. Qd2 Kg7 19. Kf2 Nd7 20. b4 b5 21. Qc2 Nb6 22.
Nd2 Na4 1/2-1/2

[Event "45th Sparkassen Open"]
[Site "Dortmund GER"]
[Date "2017.07.17"]
[Round "3.28"]
[White "Klueting, Reiner"]
[Black "Borchert, Louis"]
[Result "1/2-1/2"]
[WhiteElo "1907"]
[BlackElo "1996"]
[WhiteFideId "4644760"]
[BlackFideId "12990680"]
[EventDate "2017.07.15"]

1. d4 d5 2. c4 e6 3. Nc3 Be7 4. Nf3 Nf6 5. cxd5 exd5 6. Bg5 h6 7. Bh4 O-O 8. e3
Bf5 9. Bxf6 Bxf6 10. Qb3 c6 11. Qxb7 Qb6 12. Qxb6 1/2-1/2

[Event "45th Sparkassen Open"]
[Site "Dortmund GER"]
[Date "2017.07.17"]
[Round "3.29"]
[White "Oezen, Alf"]
[Black "Fuhlrott, Tim"]
[Result "1/2-1/2"]
[WhiteElo "1981"]
[BlackElo "1856"]
[WhiteFideId "12985430"]
[BlackFideId "16222431"]
[EventDate "2017.07.15"]

1. d4 d5 2. Bf4 c5 3. e3 Nf6 4. c3 e6 5. Nf3 Nc6 6. Bd3 Bd6 7. Ne5 O-O 8. Nd2
Qc7 9. Ndf3 h6 10. g4 Nd7 11. g5 Ndxe5 12. dxe5 Nxe5 13. Nxe5 Bxe5 14. gxh6 Bxf4
15. hxg7 Kxg7 16. Qg4+ Kf6 17. exf4 Ke7 18. O-O-O Bd7 19. Rhg1 f6 20. Qh4 Rf7
21. Bg6 Rg7 22. f5 Rag8 23. Rge1 Qc6 24. fxe6 Rxg6 25. exd7+ Kxd7 26. Qh3+ Kc7
27. Re7+ Kb8 28. Qh7 1/2-1/2

[Event "45th Sparkassen Open"]
[Site "Dortmund GER"]
[Date "2017.07.17"]
[Round "3.30"]
[White "Hartung, Thomas2"]
[Black "Kartsev, Nikolaj"]
[Result "1/2-1/2"]
[WhiteElo "1979"]
[BlackElo "1827"]
[WhiteFideId "4639146"]
[BlackFideId "12939536"]
[EventDate "2017.07.15"]

1. e4 c5 2. Nf3 d6 3. d4 cxd4 4. Nxd4 Nf6 5. Nc3 Nc6 6. Bg5 e6 7. Qd2 a6 8. Be2
h6 9. Be3 Bd7 10. O-O Be7 11. Rad1 O-O 12. f4 b5 13. a3 Nxd4 14. Qxd4 Bc6 15. f5
e5 16. Qd3 Qc7 17. g4 Qb7 18. Nd5 Bxd5 19. exd5 Bd8 20. h4 Bb6 21. Bxb6 Qxb6+
22. Kh2 e4 23. Qd4 Qxd4 24. Rxd4 Rac8 25. c3 Rfe8 26. g5 hxg5 27. hxg5 Nh7 28.
g6 fxg6 29. fxg6 Nf6 30. a4 Rc5 31. axb5 axb5 32. Rb4 Rxd5 33. Rxb5 Rd2 34. Re1
d5 35. Kg3 Kf8 36. Rb7 Re7 37. Rb8+ Re8 38. Rb6 Ke7 39. Rb7+ Kf8 1/2-1/2

[Event "45th Sparkassen Open"]
[Site "Dortmund GER"]
[Date "2017.07.17"]
[Round "3.31"]
[White "Kagan, Dennis"]
[Black "Mittelbachert, Ulrich"]
[Result "1/2-1/2"]
[WhiteElo "1902"]
[BlackElo "1978"]
[WhiteFideId "12983578"]
[BlackFideId "4634470"]
[EventDate "2017.07.15"]

1. Nf3 g6 2. c4 Bg7 3. g3 e5 4. Nc3 Nc6 5. d3 d6 6. Bg2 Nge7 7. O-O O-O 8. Rb1
a5 9. a3 Bg4 10. Nd5 Qd7 11. Bh6 f6 12. Bxg7 Kxg7 13. b4 axb4 14. axb4 Be6 15.
b5 Nd8 16. Qb3 Bg8 17. Nd2 Nxd5 18. cxd5 b6 19. Qc4 Nb7 20. Nb3 Ra7 21. Ra1 Rfa8 1/2-1/2

[Event "45th Sparkassen Open"]
[Site "Dortmund GER"]
[Date "2017.07.17"]
[Round "3.32"]
[White "Wastian, Jan"]
[Black "Boesel, Alexander"]
[Result "1/2-1/2"]
[WhiteElo "1878"]
[BlackElo "1963"]
[WhiteFideId "12911640"]
[BlackFideId "4623185"]
[EventDate "2017.07.15"]

1. e4 c5 2. c3 Nf6 3. e5 Nd5 4. d4 cxd4 5. Nf3 Nc6 6. cxd4 d6 7. Bc4 dxe5 8.
Nxe5 e6 9. O-O Be7 10. Nxc6 bxc6 11. Nc3 O-O 12. Nxd5 cxd5 13. Bd3 Bf6 14. Be3
Qb6 15. b3 g6 16. Rc1 Ba6 17. Bxa6 Qxa6 18. Qd2 Rfc8 19. g3 Qa3 1/2-1/2

[Event "45th Sparkassen Open"]
[Site "Dortmund GER"]
[Date "2017.07.17"]
[Round "3.33"]
[White "Delere, Adrian"]
[Black "Dyballa, Gerhard"]
[Result "1-0"]
[WhiteElo "1805"]
[BlackElo "1957"]
[WhiteFideId "12990400"]
[BlackFideId "4645189"]
[EventDate "2017.07.15"]

1. e4 e6 2. d4 d5 3. Nc3 Bb4 4. Ne2 dxe4 5. a3 Be7 6. Nxe4 Nf6 7. Nxf6+ Bxf6 8.
Be3 O-O 9. Qd2 c5 10. O-O-O c4 11. Nc3 Qc7 12. Qe2 Nd7 13. Qxc4 Qxc4 14. Bxc4
Nb6 15. Ba2 Bd7 16. Kb1 Bc6 17. f3 Rad8 18. Ne4 Nd5 19. Bf2 b6 20. Rd2 Be7 21.
c4 Nf6 22. Nc3 Rfe8 23. Rhd1 Bd6 24. h3 Bf4 25. Rd3 h5 26. Ka1 g6 27. Re1 Kg7
28. Ne4 Ng8 29. Bg3 Bxe4 30. fxe4 Bxg3 31. Rxg3 Rxd4 32. Re2 Red8 33. Rc3 Nf6
34. Bb1 Rd2 35. Rc2 Rxc2 36. Rxc2 e5 37. b3 h4 38. Kb2 Nh5 39. b4 Nf4 40. Rf2
Rd4 41. Kc3 Rd7 42. Bc2 Kf6 43. c5 Rc7 44. Kc4 Ke7 45. Bd1 bxc5 46. bxc5 Ne6 47.
Bf3 Rxc5+ 48. Kb4 Rc1 49. a4 Nd4 50. Ka5 Nxf3 51. Rxf3 Rc2 52. Ka6 Rxg2 53. Ra3
Rg3 54. Ra1 Rxh3 55. Kxa7 Rg3 56. a5 h3 57. a6 h2 58. Rh1 Rg2 59. Kb7 Rb2+ 60.
Kc7 Ra2 61. Kb7 g5 62. a7 g4 63. Rxh2 Rxa7+ 64. Kxa7 Kf6 65. Rh5 Kg6 66. Rxe5 g3
67. Re8 Kg5 68. Kb6 f5 69. Rg8+ Kf4 70. exf5 1-0

[Event "45th Sparkassen Open"]
[Site "Dortmund GER"]
[Date "2017.07.17"]
[Round "3.34"]
[White "Garbuz, Vitaliy"]
[Black "Jacobi, Niklas"]
[Result "1-0"]
[WhiteElo "1989"]
[BlackElo "1933"]
[WhiteFideId "12990710"]
[BlackFideId "16244079"]
[EventDate "2017.07.15"]

1. e4 e5 2. Nf3 Nc6 3. Bc4 Bc5 4. b4 Bxb4 5. c3 Be7 6. d4 exd4 7. Qb3 Na5 8.
Bxf7+ Kf8 9. Qa4 Kxf7 10. Qxa5 dxc3 11. Nxc3 d6 12. O-O Nf6 13. Rd1 Bd7 14. e5
dxe5 15. Nxe5+ Ke8 16. Nd5 Nxd5 17. Qxd5 Be6 18. Qb5+ c6 19. Rxd8+ Rxd8 20. Qe2 1-0

[Event "45th Sparkassen Open"]
[Site "Dortmund GER"]
[Date "2017.07.17"]
[Round "3.35"]
[White "Bork, Sophie"]
[Black "Ciornei, Dragos"]
[Result "0-1"]
[WhiteElo "1858"]
[BlackElo "2118"]
[WhiteFideId "12905429"]
[BlackFideId "4619200"]
[EventDate "2017.07.15"]

1. e4 e5 2. Nf3 Nc6 3. Bc4 Nf6 4. d3 h6 5. O-O d6 6. a4 g6 7. c3 Bg7 8. Be3 O-O
9. h3 d5 10. exd5 Nxd5 11. Bc5 Re8 12. Re1 Be6 13. Qd2 a6 14. Ba3 Qf6 15. Nh2 h5
16. b4 Rad8 17. Rd1 Nf4 18. Bxe6 Rxe6 19. Qc2 Qg5 20. f3 Nxh3+ 21. Kh1 Nf4 22.
Bc1 Qf5 23. Bxf4 exf4 24. Na3 Re3 25. b5 Na5 26. bxa6 bxa6 27. Rab1 Rexd3 28.
Rxd3 Qxd3 29. Rb8 Qd6 30. Rxd8+ Qxd8 31. Qe2 Bxc3 32. Qxa6 Qd1+ 33. Nf1 Bb4 34.
Qb5 Bxa3 35. Qxa5 Qxf1+ 36. Kh2 Bc1 37. Qa8+ Kg7 38. Qe4 Be3 39. Qe5+ Kh7 0-1

[Event "45th Sparkassen Open"]
[Site "Dortmund GER"]
[Date "2017.07.17"]
[Round "3.37"]
[White "Nasoyan, Maksim"]
[Black "Biermann, Florian"]
[Result "1-0"]
[WhiteElo "1860"]
[BlackElo "1939"]
[WhiteFideId "16220331"]
[BlackFideId "12970069"]
[EventDate "2017.07.15"]

1. e4 c5 2. Nc3 Nc6 3. g3 g6 4. Bg2 Bg7 5. d3 e6 6. f4 Nge7 7. Nf3 d6 8. O-O O-O
9. Be3 Nd4 10. Rb1 Rb8 11. Ne2 Nxf3+ 12. Bxf3 b6 13. g4 f5 14. Ng3 Bb7 15. Qe1
Qd7 16. b4 Rbd8 17. bxc5 dxc5 18. Qf2 Qa4 19. gxf5 exf5 20. e5 Bxf3 21. Qxf3
Qxc2 22. Qb7 Nd5 23. Rfc1 Qxd3 24. Rb3 Qxe3+ 25. Rxe3 Nxe3 26. Qxa7 Nd5 27. Ne2
Bh6 28. Qa6 g5 29. Rf1 Ne3 30. Rf3 Rd1+ 31. Kf2 Ng4+ 32. Kg2 gxf4 33. Qxb6 Rfd8
34. Qe6+ Kh8 35. h3 Ne3+ 36. Rxe3 Rg8+ 37. Rg3 fxg3 38. Qxh6 Ra1 39. Qf6+ Rg7
40. e6 Rxa2 41. Qe5 f4 42. e7 1-0

[Event "45th Sparkassen Open"]
[Site "Dortmund GER"]
[Date "2017.07.17"]
[Round "3.38"]
[White "Seref, Serkan"]
[Black "Stevens, Titus"]
[Result "0-1"]
[WhiteElo "1910"]
[BlackElo "1841"]
[WhiteFideId "16205561"]
[BlackFideId "16214331"]
[EventDate "2017.07.15"]

1. e4 c5 2. Nc3 d6 3. f4 Nc6 4. Nf3 g6 5. Bb5 Bd7 6. O-O Bg7 7. d3 e6 8. Bxc6
Bxc6 9. Qe1 Ne7 10. f5 exf5 11. exf5 Qd7 12. fxg6 hxg6 13. Bg5 f6 14. Bf4 O-O-O
15. Ne4 Nf5 16. Qa5 b6 17. Qa3 g5 18. Bd2 Kb7 19. b4 c4 20. Qb2 Rdf8 21. Nc3 Nh4
22. Nxh4 Rxh4 23. Be1 Qg4 24. Ne4 Rh7 25. Nxd6+ Ka8 26. c3 f5 27. Nxc4 f4 28. b5
Bd5 29. Nxb6+ axb6 30. Qa3+ Kb7 31. Qa6+ Kc7 32. Qa7+ Bb7 33. Bg3 Ra8 34. Rfe1 0-1

[Event "45th Sparkassen Open"]
[Site "Dortmund GER"]
[Date "2017.07.17"]
[Round "3.39"]
[White "Seref, Erdogan"]
[Black "Biermann, Lenhard"]
[Result "0-1"]
[WhiteElo "1835"]
[BlackElo "1902"]
[WhiteFideId "16206827"]
[BlackFideId "12970077"]
[EventDate "2017.07.15"]

1. e4 e6 2. d4 d5 3. Nd2 Nf6 4. e5 Nfd7 5. c3 c5 6. Bd3 Nc6 7. Ngf3 g5 8. dxc5
g4 9. Nd4 Ncxe5 10. Bb5 Bxc5 11. N2b3 Bd6 12. Bf4 Qf6 13. Bg3 a6 14. Be2 h5 15.
h4 Nc5 16. Nxc5 Bxc5 17. Qd2 Bd7 18. O-O-O Rc8 19. Kb1 Qg6+ 20. Ka1 f6 21. Rhe1
Bd6 22. Bf1 Rf8 23. Rc1 b5 24. Re3 Kf7 25. Ree1 Rfe8 26. b3 Re7 27. Bf4 Be8 28.
f3 Bd7 29. Be2 Rd8 30. fxg4 hxg4 31. Rf1 f5 32. Rce1 Be8 33. Bd1 Nc6 34. Bg5
Nxd4 35. Qxd4 Rc8 36. Bxg4 Rd7 37. Bh3 Bf8 38. Bf4 Bc5 39. Qd3 d4 40. c4 bxc4
41. Qxc4 d3 42. Kb1 Rd4 43. Qxa6 Rc6 44. Qb7+ Bd7 45. g4 Rb6 46. Qc7 Rc6 47. Qb8
d2 48. Rd1 Ba3 49. gxf5 exf5 50. Qe5 Re4 51. Qd5+ Ke8 52. Qxd2 Qg7 53. Rg1 Qf7
54. Rg8+ Bf8 55. Rg2 Ba3 56. Bh6 Rd6 57. Qc2 Rxh6 58. Qc7 Re3 59. Qb8+ Ke7 60.
Qb7 Rd6 61. Rxd6 Bxd6 62. Rd2 Qe6 63. Bg2 Re1+ 64. Kc2 Ba3 65. Bd5 Qe5 66. Qa7
Rc1+ 67. Kd3 0-1

[Event "45th Sparkassen Open"]
[Site "Dortmund GER"]
[Date "2017.07.18"]
[Round "4.1"]
[White "Hausrath, Daniel"]
[Black "Wilke, Werner"]
[Result "1-0"]
[WhiteTitle "GM"]
[WhiteElo "2482"]
[BlackElo "2225"]
[WhiteFideId "4617495"]
[BlackFideId "1600826"]
[EventDate "2017.07.15"]

1. Nf3 d6 2. d4 Bg4 3. g3 Bxf3 4. exf3 e6 5. Bg2 c6 6. O-O g6 7. c3 Bg7 8. Qb3
Qc7 9. Bf4 Ne7 10. Qa3 Nc8 11. Nd2 O-O 12. Ne4 Rd8 13. Rfe1 h6 14. h4 Qe7 15.
Qb3 a5 16. a4 Na6 17. Bh3 d5 18. Nd2 c5 19. Be5 Bxe5 20. dxe5 c4 21. Qc2 Nb6 22.
f4 Nc5 23. Nf3 Nbd7 24. Nd4 Nd3 25. Re3 N7c5 26. h5 Ra6 27. Bg4 Rb6 28. Ra2 Ne4
29. Re2 Rf8 30. Bf3 Nec5 31. Qd2 Nb3 32. Nxb3 Rxb3 33. Re3 Kg7 34. Be2 Nc5 35.
Bd1 Rb6 36. Bc2 Rd8 37. Qd1 g5 38. fxg5 hxg5 39. h6+ Kxh6 40. Qg4 Kg7 41. Rf3
Rh8 42. Rf6 Kf8 43. Bg6 Qxf6 44. exf6 fxg6 45. Qxg5 Kf7 46. Qe3 Rc6 47. Ra1 b6
48. Kg2 Rcc8 49. Rh1 Rxh1 50. Kxh1 Nxa4 51. g4 Kxf6 52. Qf4+ Ke7 53. Qg5+ Kf7
54. Qf4+ Ke7 55. g5 Nxb2 56. Qf6+ Kd6 57. Qxg6 Nd3 58. Qf7 Ne5 59. Qg7 d4 60.
cxd4 Nd3 61. Qb7 Rh8+ 62. Kg2 Nf4+ 63. Kf3 Nd5 64. g6 Rh3+ 65. Kg4 Rh1 66. g7 c3
67. Qb8+ Kd7 68. g8=Q Rg1+ 69. Kf3 Rxg8 70. Qxg8 Nb4 71. Ke2 c2 72. Kd2 Kd6 73.
Qd8+ Kc6 74. Qc8+ Kd5 75. Qd7+ Kc4 76. Qc6+ 1-0

[Event "45th Sparkassen Open"]
[Site "Dortmund GER"]
[Date "2017.07.18"]
[Round "4.2"]
[White "Schleining, Zoya"]
[Black "Guelsen, Taylan"]
[Result "0-1"]
[WhiteTitle "IM"]
[WhiteElo "2369"]
[BlackElo "2095"]
[WhiteFideId "4671660"]
[BlackFideId "24603635"]
[EventDate "2017.07.15"]

1. d4 Nf6 2. Nf3 c5 3. d5 b5 4. Bg5 Qb6 5. c3 Bb7 6. Bxf6 Qxf6 7. e4 Qg6 8. Nbd2
e6 9. dxe6 fxe6 10. Bxb5 Bxe4 11. Nh4 Qg5 12. Nxe4 Qxh4 13. Qf3 Be7 14. Ng3 Nc6
15. Bxc6 dxc6 16. Qxc6+ Kf7 17. O-O Rhc8 18. Qf3+ Qf6 19. Qh5+ Kg8 20. Rae1 Rab8
21. Re2 c4 22. Qg4 Rb6 23. Rfe1 Rcc6 24. h3 Qg5 25. Qxg5 Bxg5 26. Ne4 Be7 27.
Rd1 Rc7 28. Rd4 Kf7 29. Kf1 Ra6 30. a3 Rb6 31. Ke1 e5 32. Rd5 Ke6 33. Ra5 Rcb7
34. Nd2 Rxb2 35. Rexe5+ Kf7 36. Re4 Bf6 37. Rxc4 Re7+ 38. Re4 Bxc3 39. Rxe7+
Kxe7 40. Rd5 Ra2 41. Ke2 Rxa3 42. Rd3 Bb4 43. Rxa3 Bxa3 44. Nc4 Bc5 45. f4 Ke6
46. g4 Kd5 47. Kd3 Bf2 48. f5 h6 49. Na5 Bb6 50. Nc4 Bd8 51. Nb2 Kc5 52. Na4+
Kb4 53. Nc3 a5 54. Kc2 a4 55. Nd5+ Kc4 56. Ne3+ Kd4 57. Nd1 Be7 58. Nc3 a3 59.
Kb3 Ke5 60. Ne2 Ke4 61. Ng3+ Kf3 62. Nh5 Bf8 63. Ka2 Kg2 64. h4 Kh3 65. g5 Kxh4
66. Nxg7 Kxg5 67. Ne6+ Kxf5 68. Nxf8 h5 69. Nd7 h4 70. Nc5 h3 71. Nd3 h2 72. Nf2
Kf4 0-1

[Event "45th Sparkassen Open"]
[Site "Dortmund GER"]
[Date "2017.07.18"]
[Round "4.3"]
[White "Bomans, Arno"]
[Black "Luft, Dennis"]
[Result "0-1"]
[WhiteTitle "FM"]
[WhiteElo "2250"]
[BlackElo "2219"]
[WhiteFideId "206024"]
[BlackFideId "24623717"]
[EventDate "2017.07.15"]

1. e4 e5 2. Nf3 Nc6 3. Bb5 f5 4. Bxc6 dxc6 5. Nc3 Nf6 6. Qe2 fxe4 7. Nxe4 Bg4 8.
h3 Bh5 9. d3 Qd5 10. g4 Bf7 11. Nc3 Bb4 12. Qxe5+ Kd7 13. Qxd5+ Bxd5 14. Ke2
Bxc3 15. bxc3 Nh5 16. gxh5 Raf8 17. Ne5+ Ke6 18. Rg1 Kxe5 19. f4+ Kd6 20. c4 Bf7
21. c5+ Ke6 22. Rg5 g6 23. Rb1 b6 24. Bb2 Rhg8 25. h6 Kd7 26. Be5 Rb8 27. h4
bxc5 28. Rbg1 a6 29. Kf2 Rbe8 30. h5 Re6 31. c3 Rf8 32. hxg6 Bxg6 33. d4 cxd4
34. cxd4 Bf5 35. Rg7+ Re7 36. Bxc7 Rff7 37. Be5 Ke6 38. Rc1 Be4 39. Rc5 Rb7 40.
Ra5 Bd5 41. Ke3 Rb2 42. a3 Rb3+ 43. Kd2 Rh3 44. Rxf7 Kxf7 45. Bg7 Rh2+ 46. Kc3
Rh3+ 47. Kc2 Rf3 48. Kc1 Bc4 49. Rf5+ Ke6 50. Re5+ Kf7 51. Rf5+ Ke6 52. Rf8 Rxa3
53. f5+ Kd5 54. Re8 Ra1+ 55. Kd2 Ra2+ 56. Kc3 Ra3+ 57. Kb2 Ra2+ 58. Kb1 Re2 59.
Rd8+ Ke4 60. f6 Rf2 61. Re8+ Kd3 62. Re1 Kc3 63. d5 Kd2 64. Re7 Bxd5 65. Rd7 a5
66. f7 Rxf7 67. Rxf7 Bxf7 68. Kb2 a4 69. Bf8 Kd3 70. Be7 Kc4 71. Bf8 c5 72. Be7
Kb4 73. Bf8 a3+ 74. Ka1 Bb3 75. Be7 Kc4 76. Bf8 a2 77. Kb2 Kd5 78. Bg7 c4 79.
Kc1 Ke4 80. Kd2 Kf4 81. Ba1 Kg5 82. Bg7 a1=Q 83. Bxa1 Kxh6 84. Ke3 Kg5 85. Be5
Kg4 86. Kf2 Kf5 87. Bg7 Ke4 88. Ke2 Ba4 89. Bh6 Bd7 90. Kd2 Kf5 91. Kc3 Be6 92.
Kd4 Kg6 93. Bd2 h5 94. Ke4 Bd7 95. Kf4 Kf6 96. Be1 Bc6 97. Bf2 Ke6 98. Be1 Kd5
99. Bc3 Kc5 100. Kg5 Be8 101. Kf4 Kb5 102. Be1 Ka4 103. Ke3 Kb3 104. Kd4 Bf7
105. Bh4 c3 106. Kd3 Bg6+ 107. Ke2 c2 108. Bg5 Kb2 0-1

[Event "45th Sparkassen Open"]
[Site "Dortmund GER"]
[Date "2017.07.18"]
[Round "4.4"]
[White "Wiebe, Patrick"]
[Black "Nalbandian, Tigran"]
[Result "0-1"]
[BlackTitle "GM"]
[WhiteElo "2229"]
[BlackElo "2458"]
[WhiteFideId "4684079"]
[BlackFideId "13300245"]
[EventDate "2017.07.15"]

1. c4 Nf6 2. Nf3 g6 3. b4 Bg7 4. Bb2 O-O 5. g3 d6 6. Bg2 e5 7. O-O c6 8. d3 Re8
9. Na3 Nbd7 10. Rc1 a5 11. b5 c5 12. e3 Nf8 13. Re1 Bd7 14. Nd2 Bg4 15. f3 Bf5
16. Qe2 b6 17. Ne4 Be6 18. Qf2 Ra7 19. f4 Ng4 20. Qf1 f5 21. Ng5 exf4 22. Bxg7
Qxg5 23. Bxf8 f3 24. Qxf3 Kxf8 25. Qf4 Qxf4 26. gxf4 Rae7 27. h3 Nf6 28. Kf2 h6
29. Nb1 d5 30. Nd2 Rd8 31. Red1 d4 32. e4 Nh5 33. Nf3 fxe4 34. dxe4 Nxf4 35. Ne5
Bd7 36. Nxd7+ Rdxd7 37. Rf1 Kg7 0-1